000 00915nam0a22002291 4500
001 rc\758232
005 20250622122248.0
035 _a(NLR Aleph) 006286130
090 _a7100718
_c7100717
100 _a20040301d1985 |||y0rusy50 ca
101 0 _arus
102 _aRU
105 _ay |||||||||
200 1 _aКоллективный подряд в земледелии Красноярского края
_eРекомендации
_fВАСХНИЛ, Сиб. отд-ние, Краснояр. НИИ сел. хоз-ва, Упр. сел. хоз-ва Краснояр. Крайисполкома
210 _aНовосибирск
_cСОВАСХНИЛ
_d1985
215 _a36 с.
_d20
712 0 2 _aКрасноярский НИИ сельского хозяйства
_9310097
_3RU\NLR\AUTH\8818446
801 0 _aRU
_bNLR
_gpsbo
801 1 _aRU
_bELAR
_2rusmarc
852 _aNLR
_j87-4/10667
942 _cBOOK
980 _aNB